000 01505nam2a22003011 4500
001 RU\NLR\BIBL_A\022788287
005 20260426073533.0
021 _aRU
_b76-82638
035 _a(NLR Aleph) 022788287
035 _a(RuMoRGB)006819455
035 _a(RuMoELAR)1975-76-20084361
090 _a13694783
_c13694783
100 _a20260417d1976 u y0rusy50 ca
101 0 _arus
102 _aRU
105 _ay||||||||||||
200 1 _aФормации эндогенных месторождений вольфрама, олова и флюорита
_f[М. М. Повилайтис, Г. А. Тананаева, Г. Н. Комарова]
210 _d1976
215 _a343 с.
320 _aСписок лит.: с. 323-342
461 0 _1001RU\NLR\BIBL_A\022788282
_12001#$aРудные формации эндогенных месторождений$e[В 2 т.$fОтв. ред. Г. А. Соколов]$gАН СССР. Ин-т геологии рудных месторождений, петрографии, минералогии и геохимии$vТ. 1
_913694781
_cМосква
_d1976-
_fОтв. ред. Г. А. Соколов]
_nНаука
_o[В 2 т.
_tРудные формации эндогенных месторождений
_vТ. 1
701 1 _aПовилайтис
_bМ. М.
_gМаргарита Максимовна
701 1 _aТананаева
_bГ. А.
701 1 _aКомарова
_bГ. Н.
852 _aNLR
_j77-5/2732
942 _cBOOK
980 _aNB